LIBRARY & INFORMATION CENTRE, KCAET, TAVANUR

ONLINE PUBLIC ACCESS CATALOGUE (OPAC)

Hindustan ki kahani / (Record no. 11959)

MARC details
000 -LEADER
fixed length control field 00333cam a2200133ua 4500
041 ## - LANGUAGE CODE
Language code of text/sound track or separate title hin
082 ## - DEWEY DECIMAL CLASSIFICATION NUMBER
Classification number 891.43
Item number MUL/HI
100 ## - MAIN ENTRY--AUTHOR NAME
Personal name Mulraj anand, .
245 ## - TITLE STATEMENT
Title Hindustan ki kahani /
260 ## - PUBLICATION, DISTRIBUTION, ETC. (IMPRINT)
Place of publication :
Name of publisher Rajkamal prakashan ,
Year of publication 1958.
300 ## - PHYSICAL DESCRIPTION
Number of Pages 134 ; .

No items available.

free website counter